[Event "Bolivar Region-ch U20"]
[Site "Bolivar"]
[Date "2020.02.01"]
[Round "1.3"]
[White "Rosado Perez, Maria Jose"]
[Black "Barbosa, Lucas"]
[Result "0-1"]
[WhiteElo "1811"]
[BlackElo "1276"]
[PlyCount "77"]
[EventDate "2020.02.01"]
[EventType "swiss"]
[EventRounds "5"]
[EventCountry "COL"]
[SourceTitle "EXT 2024"]
[Source "ChessBase"]
[SourceDate "2023.10.10"]
[SourceVersion "1"]
[SourceVersionDate "2023.10.10"]
[SourceQuality "1"]

1. e4 e5 2. Nf3 Nc6 3. Bb5 a6 4. Bxc6 dxc6 5. 0-0 Bd6 6. d4 Bg4 7. Be3 exd4 8. Qxd4 Bxf3 9. Qxg7 Qh4 10. e5 Bf8 11. Qg3 Qxg3 12. fxg3 Bd5 13. Nc3 0-0-0 14. Nxd5 cxd5 15. Rxf7 Nh6 16. Rxf8 Rhxf8 17. Bxh6 Rfe8 18. Bf4 d4 19. Rd1 c5 20. Kf2 c4 21. Kf3 d3 22. c3 b5 23. Ke4 Kd7 24. Rd2 Ke6 25. a3 Rb8 26. Rf2 Rf8 27. Rd2 a5 28. h3 b4 29. axb4 axb4 30. Be3 bxc3 31. bxc3 Rb5 32. Bd4 h5 33. Ra2 Kd7 34. Ra7+ Ke6 35. Ra6+ Kf7 36. Ra7+ Kg8 37. Ra1 Rfb8 38. Rd1 Rb2 39. Be3 0-1

[Event "COL-ch sf3 U12"]
[Site "Moniquira"]
[Date "2019.05.24"]
[Round "3.7"]
[White "Guerrero Ortega, Johan Nicolas"]
[Black "Barbosa, Lucas"]
[Result "1/2-1/2"]
[WhiteElo "1086"]
[BlackElo "1286"]
[PlyCount "43"]
[EventDate "2019.05.23"]
[EventType "swiss"]
[EventRounds "6"]
[EventCountry "COL"]
[SourceTitle "EXT 2024"]
[Source "ChessBase"]
[SourceDate "2023.10.10"]
[SourceVersion "1"]
[SourceVersionDate "2023.10.10"]
[SourceQuality "1"]

1. d4 d5 2. c4 e6 3. Nc3 Ne7 4. Bf4 g6 5. Nb5 Na6 6. Be5 Rg8 7. Nf3 Nc6 8. Bf4 Bb4+ 9. Nd2 dxc4 10. e3 Qd5 11. Nxc7+ Nxc7 12. Bxc7 c3 13. bxc3 Bxc3 14. Rc1 Bxd2+ 15. Qxd2 Bd7 16. Rc5 Qe4 17. f3 Qb1+ 18. Rc1 Qb4 19. Be2 Qxd2+ 20. Kxd2 Ke7 21. Rc3 Rac8 22. Bg3 1/2-1/2

[Event "COL-ch sf3 U12"]
[Site "Moniquira"]
[Date "2019.05.23"]
[Round "1.6"]
[White "Diaz Bobadilla, Laura Juliana"]
[Black "Barbosa, Lucas"]
[Result "1-0"]
[WhiteElo "1299"]
[BlackElo "1286"]
[PlyCount "77"]
[EventDate "2019.05.23"]
[EventType "swiss"]
[EventRounds "6"]
[EventCountry "COL"]
[SourceTitle "EXT 2024"]
[Source "ChessBase"]
[SourceDate "2023.10.10"]
[SourceVersion "1"]
[SourceVersionDate "2023.10.10"]
[SourceQuality "1"]

1. e4 e5 2. Nf3 d6 3. c3 Nf6 4. Bc4 Be7 5. 0-0 0-0 6. d4 exd4 7. cxd4 Nxe4 8. Re1 d5 9. Bd3 Bb4 10. Bd2 Bf5 11. Bxb4 Re8 12. Nbd2 Nc6 13. Qb3 a5 14. Bc3 Nxd2 15. Bxd2 Rxe1+ 16. Rxe1 Bg4 17. Qxb7 Bxf3 18. gxf3 Nxd4 19. Re3 Rb8 20. Qa7 Nc6 21. Qc5 Qf6 22. Qxd5 Rd8 23. Qe4 g6 24. Bc3 Qd6 25. Qe8+ Rxe8 26. Rxe8+ Qf8 27. Rxf8+ Kxf8 28. a3 a4 29. Bb5 Ne7 30. Bb4 h5 31. Bxa4 f5 32. Bb3 Ke8 33. Ba4+ Kf8 34. Bb5 Kf7 35. Bc4+ Kf6 36. Bxe7+ Kxe7 37. b4 Kd6 38. a4 Kc6 39. a5 1-0